Регионална библиотека "Любен Каравелов" - Русе

Вълшебникът от Оз (Запис номер 415544)

MARC детайли
000 -Лидер
Контролно поле с фиксирана дължина 01635nam a2200325 a 4500
003 - Код на организацията, давaща контролен номер
Контролно поле BLK
005 - Дата и час на последна редакция
Контролно поле 20250725175826.0
008 - Елементи от данни с фиксирана дължина
fixed length control field 200124b bu |||||r|||| 00| | bu d
020 ## - Международен стандартен номер на книга ISBN
Международен стандартен номер на книга ISBN 9786197448832
020 ## - Международен стандартен номер на книга ISBN
Международен стандартен номер на книга ISBN 9786197448825
Поясняваща информация (мека корица)
040 ## - Източник на каталожния запис
Идентификатор на билиотеката - собственик на записа BLK
041 ## - Код за език
Код за езика на текст/звукозапис или на отделно заглавие Български
Код за езика КДБФ Български
080 ## - УДК
Текстов определител УДК Американска литература (на САЩ)
УДК код - определител по УДК 821.111(73)
УДК определител -93
УДК - код + определител 821.111(73)-93
100 ## - Редна дума - Автор
R(LIN) 258875
Автор Баум, Лиман Франк
Авторска отговорност първи автор
139 ## - Редно поле
Редна дума Баум, Лиман Франк
Авторски знак Бау - Б 29
245 ## - Сведения за заглавието
Заглавие Вълшебникът от Оз
Редно поле (дума) Л. Ф. Баум; ил. Либико Марайа; прев. Екатерина Димчева.
250 ## - Област на изданието
Сведения за изданието [4. изд.]
257 ## - Страна на издаване
Страна на създаване/издаване Съединени американски щати
260 ## - Област на издателските данни
9 (RLIN) 220232
Място на издаване, разпространение и проч. София
Име на издателя, разпространителя и проч. Миранда
Година на издаване 2021
Печатница [Китай]
300 ## - Физическа характеристика
Страници 127 с.
Илюстрации и др. с цв. ил.
Размери/Мащаб 33 см
380 ## - Жанр
Жанр Детска худож. лит.
500 ## - Общи забележки
Забележка Ориг. загл.: The wonderful wizard of Oz / L. Frank Baum. - Възприетата форма на името на ил. Марайа е Либико Марайа. - 1. изд. 1959 на изд. Нар. младеж, в сер. За начална училищна възраст; 1. изд. 2007 на изд. Пан, в сер. Вечните детски романи. - За авт., прев., ил.: с. 2
700 ## - Други автори (авторска отговорност)
9 (RLIN) 599
Лично име Марайя, Либико
Автороска отговорност (Описва отношението между автора и произведението) ил.
700 ## - Други автори (авторска отговорност)
9 (RLIN) 1021
Лично име Димчева, Екатерина Кирилова
Автороска отговорност (Описва отношението между автора и произведението) прев. от англ.
852 ## - Местоположение
Форматна сигнатура Цб ІІ 31223
Фондова буква Хранилище
999 ## - СИСТЕМНИ КОНТРОЛНИ НОМЕРА
Koha biblionumber 415544
Koha biblioitemnumber 415544
942 ## - АРТИКУЛИ
Вид на библиотечния материал Книги
Скрит в OPAC Не
Периодичен библиозапис Да
Koha issues (borrowed), all copies 37
944 ## - СЪЗДАВАНЕ И РЕДАКЦИЯ на ЗАПИСА
Служител, извършил регистрацията/редакцията 30531
Статус, дата на статуса Цветелина Шанова
944 ## - СЪЗДАВАНЕ И РЕДАКЦИЯ на ЗАПИСА
Създаване/Редакция Редакция
Дата на регистрацията/редакция 2022-09-24
Служител, извършил регистрацията/редакцията СТ
999 ## - СИСТЕМНИ КОНТРОЛНИ НОМЕРА
Koha biblioitemnumber 415544
Наличности
Код за отписване Код за изгубен артикул Източник на класификационната схема Код за повреда Коз за рестрикции Код за отдаване Артикулен № Име на библиотеката - собственик Име на библиотеката, в която се намира в момента Статус (Текущо местоположение) Дата на вписване в системата Местоположение - отдел Цена в лева Систематично азбучна сигнатура Баркод Цена в евро Служебен тип на артикула
  Не е изгубен Universal Decimal Classification Не е повреден без рестрикции заемане за дома 832058 Регионална библиотека "Любен Каравелов" Русе Регионална библиотека "Любен Каравелов" Русе Детски отдел 2021-05-21 Детски отдел 19.46 821-93/Б 29 Л 120000855219 9.95 Книги
  Не е изгубен Universal Decimal Classification Не е повреден без рестрикции заемане за дома 832059 Регионална библиотека "Любен Каравелов" Русе Регионална библиотека "Любен Каравелов" Русе Детски отдел 2021-05-21 Детски отдел 19.46 821-93/Б 29 Л 120000855220 9.95 Книги
  Не е изгубен Universal Decimal Classification Не е повреден само за читалня ползва се в читалня 905538 Регионална библиотека "Любен Каравелов" Русе Регионална библиотека "Любен Каравелов" Русе Хранилище 2022-09-28 Хранилище 20.95 Цб ІІ 31223 120000877411 10.71 Книги
Vip Innovations Ltd, Rousse, Bulgaria 2025